Droit international de l'investissement / (Record no. 3961)

MARC details
000 -LEADER
fixed length control field 01177cam a2200337 i 4500
001 - CONTROL NUMBER
control field ocn974016538
003 - CONTROL NUMBER IDENTIFIER
control field OCoLC
005 - DATE AND TIME OF LATEST TRANSACTION
control field 20180515121352.0
008 - FIXED-LENGTH DATA ELEMENTS--GENERAL INFORMATION
fixed length control field 170228t20172017fr b 001 0 fre c
020 ## - INTERNATIONAL STANDARD BOOK NUMBER
International Standard Book Number 9782233008206
Qualifying information (pbk.)
020 ## - INTERNATIONAL STANDARD BOOK NUMBER
International Standard Book Number 2233008200
035 ## - SYSTEM CONTROL NUMBER
System control number (OCoLC)974016538
040 ## - CATALOGING SOURCE
Original cataloging agency AUXAM
Language of cataloging eng
Description conventions rda
Transcribing agency AUXAM
Modifying agency YLS
-- OCLCF
042 ## - AUTHENTICATION CODE
Authentication code pcc
049 ## - LOCAL HOLDINGS (OCLC)
Holding library TZAA
050 #4 - LIBRARY OF CONGRESS CALL NUMBER
Classification number K3830
Item number .N36 2017
082 #4 - DEWEY DECIMAL CLASSIFICATION NUMBER
Classification number 340
100 1# - MAIN ENTRY--PERSONAL NAME
Personal name Nanteuil, Arnaud de,
Dates associated with a name 1982-
Relator term author.
245 10 - TITLE STATEMENT
Title Droit international de l'investissement /
Statement of responsibility, etc Arnaud de Nanteuil.
250 ## - EDITION STATEMENT
Edition statement Deuxiéme édition.
300 ## - PHYSICAL DESCRIPTION
Extent 512 pages ;
Dimensions 24 cm
490 1# - SERIES STATEMENT
Series statement EI
500 ## - GENERAL NOTE
General note "Manuel"--Cover.
504 ## - BIBLIOGRAPHY, ETC. NOTE
Bibliography, etc Includes bibliographical references and index.
586 ## - AWARDS NOTE
Awards note Prix Henri Texier I, 2015
650 #0 - SUBJECT ADDED ENTRY--TOPICAL TERM
Topical term or geographic name as entry element Investments, Foreign (International law)
9 (RLIN) 11308
650 #7 - SUBJECT ADDED ENTRY--TOPICAL TERM
Topical term or geographic name as entry element Investments, Foreign (International law)
Source of heading or term fast
9 (RLIN) 11308
775 08 - OTHER EDITION ENTRY
Display text Revision of:
Main entry heading Nanteuil, Arnaud de, 1982-
Title Droit international de l'investissement.
Place, publisher, and date of publication Paris : �Editions A. Pedone, 2014
International Standard Book Number 9782233007308
Record control number (OCoLC)898457534
830 #0 - SERIES ADDED ENTRY--UNIFORM TITLE
Uniform title Etudes internationales (Editions A. Pedone)
9 (RLIN) 14529
942 ## - ADDED ENTRY ELEMENTS (KOHA)
Source of classification or shelving scheme Library of Congress Classification
Koha item type Books
Holdings
Home library Current library Date acquired Full call number Barcode Koha item type
African Court on Human and Peoples' Rights Library African Court on Human and Peoples' Rights Library 24/10/2017 K3830 .N36 2017 10228195 Books
African Court on Human and Peoples' Rights Library African Court on Human and Peoples' Rights Library 15/05/2018 K3830 .N36 2017 10220321 Books

African Court on Human and Peoples' Rights | For Inquiries Contact » +255 272 510 510